Enciclopedia de química industrial / (Record no. 134800)
[ view plain ]
| 000 -LEADER | |
|---|---|
| campo de control de longitud fija | 00624nam a2200181 i 4500 |
| 001 - NÚMERO DE CONTROL | |
| campo de control | 134800 |
| 003 - IDENTIFICADOR DE NÚMERO DE CONTROL | |
| campo de control | ES-MaACL |
| 005 - FECHA Y HORA DE LA ÚLTIMA TRANSACCIÓN | |
| campo de control | 20230906194739.0 |
| 007 - CAMPO FIJO DE DESCRIPCIÓN FÍSICA--INFORMACIÓN GENERAL | |
| campo de control de longitud fija | t| |
| 008 - DATOS DE LONGITUD FIJA--INFORMACIÓN GENERAL | |
| campo de control de longitud fija | 070628m19131923sp e |||| | spa d |
| 100 1# - ENTRADA PRINCIPAL--NOMBRE DE PERSONA | |
| Nombre de persona | Thorpe, Edward. |
| 9 (RLIN) | 110155 |
| 245 10 - MENCIÓN DEL TÍTULO | |
| Título | Enciclopedia de química industrial / |
| Mención de responsabilidad, etc. | por Edward Thorpe. |
| 260 ## - PUBLICACIÓN, DISTRIBUCIÓN, ETC. | |
| Lugar de publicación, distribución, etc. | Barcelona : |
| Nombre del editor, distribuidor, etc. | Labor, |
| Fecha de publicación, distribución, etc. | [entre 1913 y 1923] |
| 300 ## - DESCRIPCIÓN FÍSICA | |
| Extensión | 6 v. ; |
| Dimensiones | 24 cm. |
| 505 8# - NOTA DE CONTENIDO CON FORMATO | |
| Nota de contenido con formato | Contiene: v.I.-- A-Azul.-- v.II.-- Azuf-Cª.-- v. III.-- Ch-Gau.-- v.IV.-- Ge-M.-- v. V.-- N-Q.-- v. VI.-- R-Z |
| 650 #4 - PUNTO DE ACCESO ADICIONAL DE MATERIA--TÉRMINO DE MATERIA | |
| Término de materia o nombre geográfico como elemento de entrada | Química industrial- |
| Subdivisión de forma | Enciclopedias. |
| 9 (RLIN) | 166067 |
| 852 ## - LOCALIZACIÓN | |
| Ubicación | ES-MaACL |
| Número de control de estantería | B-4718-23 |
| Estatus retirado | Estado de pérdida | Estado de daño | No para préstamo | Colección | Biblioteca de origen | Biblioteca actual | Ubicación en estantería | Fecha de adquisición | Fuente de adquisición | Total de préstamos | Signatura topográfica completa | Código de barras | Visto por última vez | Precio de reemplazo | Tipo de ítem Koha |
|---|---|---|---|---|---|---|---|---|---|---|---|---|---|---|---|
| Colección de referencia | Biblioteca del Ateneo de Madrid | Biblioteca del Ateneo de Madrid | Sala Pardo Bazán | 17/01/2008 | B-4718-23 | 1140309 | 23/02/2023 | 23/02/2023 | Libro impreso |
